Everybody Supports Women - SOFIA ISELLA - All Lyrics - Statistics

General Stats
  • This quiz has been taken 71 times
  • The average score is 449 of 533
Answer Stats
Answer % Correct
a
100%
Ah-ah,
100%
ah-ah,
100%
Everybody
100%
everybody
100%
I
100%
supports
100%
to
100%
who
100%
women
100%
you
100%
You
100%
do
97%
Is
97%
is
97%
love
97%
then
97%
and
94%
And
94%
be
94%
better
94%
everything
94%
got
94%
her
94%
Her
94%
her,
94%
her!
94%
It
94%
it
94%
it,
94%
nice
94%
She
94%
she
94%
so
94%
something
94%
than
94%
the
94%
Until
94%
until
94%
was
94%
Your
94%
your
94%
about
92%
actually
92%
does
92%
doing
92%
hair,
92%
hair
92%
isn't
92%
not
92%
pretty
92%
wanted
92%
wants
92%
yourself
92%
you've
92%
charity,
89%
fallen
89%
for
89%
funny,
89%
good
89%
heard?
89%
If
89%
if
89%
most
89%
nothing
89%
own
89%
perfectly
89%
she's
89%
She's
89%
smart,
89%
that
89%
there
89%
thing
89%
too
89%
woman's
89%
are
86%
coming
86%
don't
86%
had
86%
in
86%
know,
86%
leaves
86%
like
86%
popularity,
86%
we
86%
We
86%
anything
83%
Anything
83%
girls
83%
hate
83%
I'm
83%
make
83%
obnoxious
83%
probably
83%
self-centered,
83%
those
83%
But
81%
but
81%
'cause
81%
'Cause
81%
known
81%
makeup,
81%
mock
81%
of
81%
on
81%
two,
81%
two
81%
what
81%
would
81%
you'd
81%
count
78%
everyone
78%
Everyone
78%
face
78%
face,
78%
knows
78%
knows,
78%
mocking
78%
One,
78%
record?
78%
Say
78%
shame
78%
three
78%
grown
75%
listening?
75%
never
75%
now
75%
put
75%
starting
75%
tell
75%
while
75%
agree
72%
down
72%
hope
72%
how
72%
kicking
72%
much
72%
out
72%
tone
72%
great
69%
waste,
69%
As
64%
as
64%
'em
64%
It's
64%
just
64%
right
64%
smell
64%
think
64%
together
64%
you're
64%
at
61%
bringing
61%
hates
61%
hits
61%
mundane,
61%
public
61%
We'd
61%
boring
58%
desperation
58%
name
58%
name,
58%
neck
58%
soon
58%
stage
58%
story
58%
unrelatable
58%
We'll
58%
across
56%
enough
56%
feel
56%
self-criticize
56%
side
56%
arena
53%
drag
53%
eye
53%
keep
53%
our
53%
pick
53%
sides
53%
us
53%
bone
50%
fight
50%
long
50%
look
50%
made
50%
muted
50%
pastels
50%
staring
50%
thinking
50%
try
50%
ambition
47%
life
47%
other
47%
ourselves
47%
'til
47%
with
47%
attached
44%
back
44%
dumb
44%
get
44%
pain
44%
public's
44%
swallowable
44%
off
42%
place
42%
told
42%
trash
42%
watch
42%
Man,
39%
newspaper's
39%
turned
39%
yanking
39%
burn
36%
spit
36%
muscle
28%
No matching quizzes found
Score Distribution
Percent of People with Each Score
Percentile by Number Answered
Your Score History
You have not taken this quiz